000 00867cpcaa2200229 a 4500
001 mm 80065451
003 DLC
005 20260227111705.0
008 800902|||||||||||| eng
010 _amm 80065451
040 _aDLC
_cDLC
_dDLC
_edacs
072 7 _aW
_2lcmd
100 1 _aJohnson, Andrew,
_d1808-1875.
245 0 0 _aAndrew Johnson index,
_fundated.
300 _a1
_fmicrofilm reel.
506 0 _aOpen to research.
533 _aMicrofilm of original in the Henry E. Huntington Library, San Marino, Calif.
535 1 _aHenry E. Huntington Library,
_bSan Marino, CA
545 0 _aU.S. president, vice president, senator, representative, and army officer from Tennessee.
656 7 _aPresidents
_zUnited States.
_2itoamc
999 _c42926
_d42926